000 00435cam a2200181 4500
001 D7751
008 090401t1982 xxu||||| |||| 00| 0 eng d
035 _a(Sirsi) u9133
041 _aeng
050 _a692.8
100 _aParris, John
245 4 _aThe Standard Form of Building Contract JCT 80
260 _aLondon
_bGranada Publishing
_c1982
300 _aviii. 216p. 24cm
350 _a15
942 _n0
948 _c04/03/1997
999 _c86605
_d86605